Wales Six Nations Squad 2023 - Statistics

General Stats
  • This quiz has been taken 16 times
  • The average score is 25 of 38
Answer Stats
Hint Answer % Correct
Centre - Ospreys Kieran Williams
100%
Full-Back - Cardiff Rugby Liam Williams
100%
Fly-Half/ Centre - Ospreys Owen Williams
100%
Second/ Back Row - Cardiff Rugby Teddy Williams
100%
Scrum-Half - Cardiff Rugby Tomos Williams
100%
Second Row - Ospreys Alun Wyn Jones
93%
Fly-Half - Toulon Dan Biggar
93%
Prop - Scarlets Wyn Jones
93%
Winger/ Full-Back - Cardiff Rugby Josh Adams
80%
Back Row - Ospreys Justin Tipuric
80%
Winger - Gloucester Louis Rees-Zammit
80%
Centre - Saracens Nick Tompkins
80%
Manager Warren Gatland
80%
Lock - Ospreys Adam Beard
73%
Winger/ Centre - Ospreys George North
73%
Back Row - Ospreys Jac Morgan
73%
Second Row - Exeter Chiefs Dafydd Jenkins
67%
Full-Back/ Winger - Scarlets Leigh Halfpenny
67%
Second Row - Cardiff Blues Rhys Davies
67%
Back Row - Cardiff Rugby Taulupe Faletau
67%
Hooker - Scarlets Ken Owens
60%
Scrum-Half - Scarlets Kieran Hardy
60%
Back Row - Leicester Tigers Tommy Reffell
60%
Back Row - Dragons Aaron Wainwright
53%
Hooker - Ospreys Dewi Lake
53%
Prop - Ospreys Gareth Thomas
53%
Second/ Back Row - Exeter Chiefs Christ Tshiunza
47%
Centre/ Winger - Cardiff Rugby Mason Grady
47%
Prop - Cardiff Rugby Rhys Carre
47%
Scrum-Half - Ospreys Rhys Webb
47%
Winger - Dragons Rio Dyer
47%
Prop - Dragons Leon Brown
40%
Prop - Ospreys Tomas Francis
40%
Hooker - Dragons Bradley Roberts
33%
Centre - Ospreys Joe Hawkins
33%
Full-Back/ Fly-Half - Scarlets Rhys Patchell
33%
Winger - Ospreys Alex Cuthbert
27%
Prop - Cardiff Rugby Dillon Lewis
27%
No matching quizzes found
Score Distribution
Percent of People with Each Score
Percentile by Number Answered
Your Score History
You have not taken this quiz